[Event "Isle of Man Open"]
[Site "Douglas"]
[Date "24.10.2018"]
[Round "5.26"]
[White "Mekhitarian, Krikor Sevag"]
[Black "Seul, Georg"]
[Result "1/2-1/2"]
[WhiteTitle "GM"]
[BlackTitle "IM"]
[WhiteElo "2546"]
[BlackElo "2402"]
[WhiteFideId "2107660"]
[BlackFideId "4601653"]
[EventDate "2018.10.20"]

1. e4 e5 2. Nf3 Nc6 3. Bb5 a6 4. Ba4 Nf6 5. O-O Be7 6. Re1 b5 7. Bb3 d6 8. c3
O-O 9. h3 Na5 10. Bc2 c5 11. d4 Qc7 12. Nbd2 Bd7 13. Nf1 Nc4 14. b3 Nb6 15. Ne3
c4 16. bxc4 Nxc4 17. Nxc4 bxc4 18. Ba3 Rfe8 19. Rb1 Bf8 20. Qd2 h6 21. d5 Rab8
22. Qe2 Rb5 23. Nd2 Rc8 24. Bb4 Rbb8 25. a4 a5 26. Ba3 Rxb1 27. Rxb1 Be8 28. Qe3
Nd7 29. Bd1 Be7 30. g3 Bg5 31. f4 Bd8 32. Bg4 Rb8 33. Rxb8 Qxb8 34. Kg2 exf4 35.
gxf4 Nb6 36. Bf3 Bxa4 37. e5 dxe5 38. Qc5 Nd7 39. Qxc4 Bb5 40. Qe4 Nf6 41. Qxe5
Qc8 42. Qd6 Qxc3 43. Qxd8+ Kh7 44. Ne4 Qxa3 45. Nxf6+ gxf6 46. Qxf6 Qf8 47. Kh2
Qe8 48. Qf5+ Kg7 49. Be4 Kf8 50. Qh7 Ke7 51. Qxh6 Kd7 52. Qh7 Qe7 53. Bf3 a4 54.
Qf5+ Kd6 55. Qb1 Kc5 56. Qc2+ Kb6 57. Qd2 Qd6 58. Bd1 Kc5 59. Qc3+ Kxd5 60. Bf3+
Ke6 61. Kg3 1/2-1/2

[Event "Isle of Man Open"]
[Site "Douglas"]
[Date "24.10.2018"]
[Round "5.27"]
[White "Sadhwani, Raunak"]
[Black "Kaidanov, Gregory"]
[Result "0-1"]
[WhiteTitle "IM"]
[BlackTitle "GM"]
[WhiteElo "2438"]
[BlackElo "2544"]
[WhiteFideId "35093487"]
[BlackFideId "2008564"]
[EventDate "2018.10.20"]

1. e4 e5 2. Nf3 Nc6 3. Bb5 a6 4. Ba4 Nf6 5. O-O Nxe4 6. d4 b5 7. Bb3 d5 8. dxe5
Be6 9. Nbd2 Nc5 10. c3 Be7 11. Bc2 d4 12. Nb3 d3 13. Nxc5 dxc2 14. Qxd8+ Rxd8
15. Nxe6 fxe6 16. Be3 Rd5 17. Rfc1 Nxe5 18. Nxe5 Rxe5 19. Rxc2 Kf7 20. Rd1 Rd8
21. Rxd8 Bxd8 22. c4 b4 23. Kf1 Bg5 24. Ba7 Be7 25. Rd2 Ke8 26. Bd4 Ra5 27. Bxg7
Rxa2 28. Be5 a5 29. Ke2 Bd6 30. Bxd6 cxd6 31. b3 Ra3 32. Rd3 Kd7 33. g4 Kc6 34.
g5 a4 35. bxa4 b3 36. Rd1 Kc5 37. Kd3 Rxa4 38. Kc3 Rxc4+ 39. Kxb3 Rh4 40. Rd3
Rxh2 41. Rf3 Rg2 42. Rf7 Rxg5 43. Rxh7 Rf5 44. Rh2 Kd4 45. Kc2 e5 46. Kd2 e4 47.
Ke2 Ra5 48. Rh3 Ra2+ 49. Ke1 d5 50. Rg3 Kc4 51. Re3 Rb2 52. Kf1 Rb1+ 53. Kg2 Ra1
54. Kg3 Rc1 55. Kg2 Kd4 56. Rh3 Kc4 57. Re3 Rd1 58. Kh2 Rd3 59. Re1 Kc3 60. Kg2
Kd2 61. Ra1 Ke2 62. Ra5 d4 63. Rd5 Rd1 64. Kg3 e3 65. fxe3 dxe3 66. Ra5 Rg1+ 67.
Kh2 Rg8 68. Ra7 Kf2 69. Rf7+ Ke1 70. Rd7 e2 71. Kh3 Rg5 72. Rd8 Kf2 73. Rf8+ Ke3
74. Re8+ Kf3 75. Kh2 Rg4 76. Rf8+ Rf4 77. Re8 Kf2 0-1

[Event "Isle of Man Open"]
[Site "Douglas"]
[Date "24.10.2018"]
[Round "5.28"]
[White "Eljanov, Pavel"]
[Black "Karavade, Eesha"]
[Result "1-0"]
[WhiteTitle "GM"]
[BlackTitle "IM"]
[WhiteElo "2703"]
[BlackElo "2374"]
[WhiteFideId "14102951"]
[BlackFideId "5012600"]
[EventDate "2018.10.20"]

1. Nf3 d5 2. e3 Nf6 3. c4 e6 4. Nc3 Bd6 5. b3 b6 6. Bb2 Bb7 7. cxd5 exd5 8. Nb5
Be7 9. Be5 Na6 10. Nbd4 O-O 11. Bb5 c5 12. Nc6 Qd7 13. Nxe7+ Qxe7 14. O-O Nc7
15. Be2 Ne6 16. d4 Ne4 17. dxc5 bxc5 18. Qc2 f6 19. Bb2 Rac8 20. Bd3 Kh8 21.
Rac1 f5 22. Ne5 d4 23. Qe2 Qd6 24. f4 Rcd8 25. Rfd1 Qe7 26. Rf1 Bd5 27. exd4
Nxd4 28. Qe3 a5 29. Rfd1 Qa7 30. Ba3 Ne6 31. h3 Qb7 32. Kh2 Rfe8 33. Re1 h6 34.
Rcd1 a4 35. bxa4 Nd4 36. Bxc5 Nxc5 37. Qxd4 Nxd3 38. Qxd3 Bxg2 39. Qxf5 Qb2 40.
Nf7+ Kg8 41. Nxh6+ gxh6 42. Qg6+ 1-0

[Event "Isle of Man Open"]
[Site "Douglas"]
[Date "24.10.2018"]
[Round "5.29"]
[White "Ganguly, Surya Shekhar"]
[Black "Lubbe, Nikolas"]
[Result "1-0"]
[WhiteTitle "GM"]
[BlackTitle "IM"]
[WhiteElo "2622"]
[BlackElo "2447"]
[WhiteFideId "5002150"]
[BlackFideId "4694031"]
[EventDate "2018.10.20"]

1. Nf3 d5 2. g3 Nf6 3. Bg2 e6 4. O-O Be7 5. c4 dxc4 6. Qa4+ c6 7. Qxc4 b5 8. Qc2
Bb7 9. d4 Nbd7 10. Nc3 Rc8 11. Rd1 Qb6 12. e4 O-O 13. Bf4 a6 14. a3 c5 15. d5
exd5 16. e5 Nh5 17. Nxd5 Bxd5 18. Rxd5 Nxf4 19. Rxd7 Ng6 20. Qf5 Rcd8 21. Rad1
Rxd7 22. Rxd7 Bd8 23. Rd6 Qa7 24. h4 Ne7 25. Qg4 c4 26. Ng5 g6 27. e6 f5 28. Qd1
Bc7 29. Rd7 Qc5 30. b4 cxb3 31. Qxb3 f4 32. Ne4 Qc1+ 33. Kh2 fxg3+ 34. fxg3 Bd8
35. Qd3 Qc8 36. Nd6 Qc1 37. Nf7 1-0

[Event "Isle of Man Open"]
[Site "Douglas"]
[Date "24.10.2018"]
[Round "5.30"]
[White "Kashlinskaya, Alina"]
[Black "Huschenbeth, Niclas"]
[Result "1/2-1/2"]
[WhiteTitle "IM"]
[BlackTitle "GM"]
[WhiteElo "2447"]
[BlackElo "2589"]
[WhiteFideId "4198026"]
[BlackFideId "24604747"]
[EventDate "2018.10.20"]

1. d4 d5 2. c4 e6 3. Nc3 Nf6 4. Nf3 c5 5. cxd5 Nxd5 6. e4 Nxc3 7. bxc3 cxd4 8.
cxd4 Bb4+ 9. Bd2 Bxd2+ 10. Qxd2 O-O 11. Bc4 Nd7 12. O-O b6 13. Rad1 Bb7 14. Rfe1
Rc8 15. Bb3 Re8 16. h3 Nf6 17. Qf4 Nh5 18. Qh2 h6 19. d5 exd5 20. e5 g6 21. Nd4
a6 22. h4 Rc3 23. e6 Qc7 24. exf7+ Kxf7 25. Rxe8 Qxh2+ 26. Kxh2 Kxe8 27. Re1+
Kf7 28. Re6 Nf6 29. f3 b5 30. Rb6 Bc8 31. Ne2 Rc5 32. Nf4 Kg7 33. Rxa6 Bxa6 34.
Ne6+ Kf7 35. Nxc5 Bc8 36. Ne4 Nxe4 37. Bxd5+ Kf6 38. Bxe4 b4 39. Bd5 Ke5 40. Bf7
g5 41. hxg5 hxg5 42. Kg3 Bf5 43. Bb3 Bd7 44. Kf2 Kd4 45. g3 Bc8 46. f4 gxf4 47.
gxf4 Ke4 48. Kg3 Ke3 49. Bf7 1/2-1/2

[Event "Isle of Man Open"]
[Site "Douglas"]
[Date "24.10.2018"]
[Round "5.31"]
[White "Hess, Robert"]
[Black "Merry, Alan B"]
[Result "1-0"]
[WhiteTitle "GM"]
[BlackTitle "IM"]
[WhiteElo "2574"]
[BlackElo "2435"]
[WhiteFideId "2022036"]
[BlackFideId "418811"]
[EventDate "2018.10.20"]

1. d4 Nf6 2. c4 g6 3. Nc3 Bg7 4. e4 d6 5. f3 a6 6. Be3 Nc6 7. Nge2 O-O 8. Qd2
Bd7 9. h4 e5 10. d5 Na5 11. b3 b5 12. h5 Nxh5 13. Rc1 Rb8 14. cxb5 axb5 15. g4
Nf6 16. Bh6 Bxh6 17. Qxh6 Kh8 18. Ng3 Rg8 19. g5 Nh5 20. Nxh5 gxh5 21. Rxh5 Rg7
22. Rc2 Kg8 23. Nd1 c6 24. Ne3 Qb6 25. Ke2 Ra8 26. Bh3 Nc4 27. bxc4 Ra3 28. c5
Qa5 29. Qxd6 Rxe3+ 30. Kxe3 Qe1+ 31. Re2 Qg1+ 32. Kd2 Rxg5 33. dxc6 Rg6 34. Qxd7
Qxc5 35. Qe8+ 1-0

[Event "Isle of Man Open"]
[Site "Douglas"]
[Date "24.10.2018"]
[Round "5.32"]
[White "Debashis, Das"]
[Black "Soumya, Swaminathan"]
[Result "1/2-1/2"]
[WhiteTitle "GM"]
[BlackTitle "WGM"]
[WhiteElo "2548"]
[BlackElo "2423"]
[WhiteFideId "5024854"]
[BlackFideId "5016193"]
[EventDate "2018.10.20"]

1. d4 d5 2. Nf3 Nf6 3. c4 c6 4. e3 Bg4 5. h3 Bh5 6. Nc3 e6 7. g4 Bg6 8. Ne5 Nbd7
9. Nxg6 hxg6 10. g5 Ng8 11. cxd5 cxd5 12. e4 Bb4 13. exd5 exd5 14. Bg2 Ne7 15.
Kf1 Nb6 16. h4 Qc7 17. Qd3 Bxc3 18. bxc3 Rc8 19. Bd2 Qc4 20. Qxc4 Rxc4 21. Ke2
Kd8 22. Kd3 Ra4 23. Bf3 Nc4 24. Bf4 b5 25. Rhb1 a6 26. Bg3 Ra3 27. Rb3 Ra4 28.
Rbb1 Ra3 29. Rb3 Ra4 30. Rbb1 Ra3 1/2-1/2

[Event "Isle of Man Open"]
[Site "Douglas"]
[Date "24.10.2018"]
[Round "5.33"]
[White "Sundararajan, Kidambi"]
[Black "Puranik, Abhimanyu"]
[Result "1-0"]
[WhiteTitle "GM"]
[BlackTitle "GM"]
[WhiteElo "2445"]
[BlackElo "2547"]
[WhiteFideId "5005370"]
[BlackFideId "5061245"]
[EventDate "2018.10.20"]

1. d4 Nf6 2. Nf3 g6 3. c4 Bg7 4. Nc3 d5 5. e3 O-O 6. Be2 e6 7. O-O b6 8. cxd5
exd5 9. b4 Be6 10. a4 c6 11. Ba3 Nbd7 12. Rc1 Re8 13. Ba6 Rb8 14. Ne2 c5 15.
bxc5 bxc5 16. Bxc5 Qa5 17. Bb5 a6 18. Bc6 Rbc8 19. Ba3 Ne4 20. Qe1 Qb6 21. a5
Qb3 22. Qb4 Qa2 23. Qb2 Qxb2 24. Bxb2 Nd6 25. Nf4 Nc4 26. Bxd5 Nxb2 27. Rxc8
Rxc8 28. Nxe6 Nf6 29. Ba2 Ne4 30. Neg5 Nd6 31. Nxf7 1-0

[Event "Isle of Man Open"]
[Site "Douglas"]
[Date "24.10.2018"]
[Round "5.34"]
[White "Christiansen, Johan-Sebastian"]
[Black "Erenberg, Ariel"]
[Result "1/2-1/2"]
[WhiteTitle "IM"]
[BlackTitle "IM"]
[WhiteElo "2541"]
[BlackElo "2407"]
[WhiteFideId "1512668"]
[BlackFideId "2811634"]
[EventDate "2018.10.20"]

1. e4 e5 2. Nf3 Nc6 3. Bb5 a6 4. Ba4 Nf6 5. O-O Be7 6. Re1 b5 7. Bb3 d6 8. c3
O-O 9. h3 Nb8 10. d4 Nbd7 11. Nbd2 Bb7 12. Bc2 Re8 13. Nf1 Bf8 14. Ng3 g6 15. a4
Bg7 16. Bd3 c6 17. Be3 Qc7 18. Qd2 d5 19. dxe5 Nxe4 20. Bxe4 dxe4 21. Nxe4 Nxe5
22. Nxe5 Bxe5 23. Bc5 Re6 24. Rad1 Rae8 25. f4 Bg7 26. Nd6 Rxe1+ 27. Rxe1 Rd8
28. Re8+ Bf8 29. Qe3 Rxd6 30. Qe5 Rd1+ 31. Kf2 Qxe5 32. fxe5 Rd7 33. Bxf8 h5 34.
Be7+ Kh7 35. g4 hxg4 36. hxg4 g5 37. Bxg5 c5 38. axb5 axb5 39. Kg3 Rc7 40. Rb8
Bc8 41. Rxb5 c4 42. Rb8 Be6 43. Ra8 Rc8 44. Ra1 Kg6 45. Bf6 Rb8 46. Rb1 Rb5 47.
Kf4 Rd5 48. Rh1 Rd2 49. Rh8 Rf2+ 50. Kg3 Rf1 51. Rg8+ Kh7 52. Rg7+ Kh6 53. Rg5
Kh7 54. Be7 Kh6 55. Rh5+ Kg6 56. Rh4 Rb1 57. Ba3 Rg1+ 58. Kf3 Rf1+ 59. Ke3 Re1+
60. Kd4 Rd1+ 61. Kc5 Kg5 62. Rh7 Kxg4 63. Kc6 Rd5 64. Bd6 Rd2 65. Ba3 Rd5 66.
Bd6 Rd2 67. Rg7+ Kf5 1/2-1/2

[Event "Isle of Man Open"]
[Site "Douglas"]
[Date "24.10.2018"]
[Round "5.35"]
[White "Arjun, Kalyan"]
[Black "Paehtz, Elisabeth"]
[Result "0-1"]
[BlackTitle "IM"]
[WhiteElo "2408"]
[BlackElo "2513"]
[WhiteFideId "35018701"]
[BlackFideId "4641833"]
[EventDate "2018.10.20"]

1. e4 e6 2. d4 d5 3. Nc3 Nf6 4. Bg5 Be7 5. e5 Nfd7 6. Bxe7 Qxe7 7. f4 a6 8. Nf3
c5 9. dxc5 Nc6 10. Bd3 Qxc5 11. Qd2 b5 12. Ne2 b4 13. a3 Rb8 14. axb4 Qxb4 15.
Qxb4 Nxb4 16. Rb1 Nc5 17. Kd2 a5 18. Ned4 Nbxd3 19. cxd3 Ba6 20. b4 axb4 21. Nc6
Rb6 22. Nxb4 Kd7 23. Nxa6 Rxa6 24. Rb5 Rc8 25. Rc1 Ra2+ 26. Ke3 Na6 27. Rxc8
Kxc8 28. g4 Nc7 29. Rc5 Kd7 30. d4 Ra3+ 31. Kf2 h6 32. f5 Rb3 33. Ra5 g5 34. Ra2
Kc8 35. h4 exf5 36. gxf5 g4 37. Nh2 g3+ 38. Kg2 gxh2 39. Kxh2 Rd3 40. e6 fxe6
41. f6 Rxd4 42. Rf2 e5 0-1

[Event "Isle of Man Open"]
[Site "Douglas"]
[Date "24.10.2018"]
[Round "5.36"]
[White "Dragnev, Valentin"]
[Black "Tarjan, James"]
[Result "0-1"]
[WhiteTitle "GM"]
[BlackTitle "GM"]
[WhiteElo "2508"]
[BlackElo "2404"]
[WhiteFideId "1634852"]
[BlackFideId "2000180"]
[EventDate "2018.10.20"]

1. e4 e5 2. Nf3 Nc6 3. Bb5 a6 4. Ba4 Nf6 5. O-O Be7 6. Re1 b5 7. Bb3 d6 8. c3
O-O 9. h3 Nb8 10. d4 Nbd7 11. c4 c6 12. Nc3 Bb7 13. a3 h6 14. Ba2 Rc8 15. Be3
Qc7 16. Rc1 Qb8 17. cxb5 cxb5 18. Nh4 Rfe8 19. Nf5 Bf8 20. Qf3 Rxc3 21. bxc3
Bxe4 22. Nxh6+ gxh6 23. Qg3+ Kh7 24. Qh4 Bg6 25. c4 b4 26. c5 b3 27. Bxb3 Qxb3
28. c6 Qa4 29. Bg5 Bg7 30. Kh2 Nd5 31. cxd7 Qxd7 32. dxe5 dxe5 33. Red1 e4 34.
Kg1 Qf5 35. Rc5 Re5 36. Bc1 Qe6 37. Qd8 e3 38. fxe3 Bf6 39. Qc8 Qxc8 40. Rxc8
Be4 41. Rf1 Re6 42. Rb8 Kg7 43. Rc8 h5 44. Rb8 h4 45. Bb2 Bxb2 46. Rxb2 Rg6 47.
Rff2 f5 48. Rb7+ Kh6 49. Rfb2 Rg3 50. a4 a5 51. Ra7 Nxe3 52. Rxa5 Nxg2 53. Kf2
Nf4 54. Rb8 Nxh3+ 55. Ke1 Kg5 56. Ra7 Kf4 57. Rh7 Ng5 58. Rxh4+ Ke3 59. Rb3+ Bd3
60. Rh1 f4 61. Kd1 f3 62. Re1+ Kd4 63. Rb4+ Kc3 64. Rf4 Rg2 65. Rf8 Rd2+ 66. Kc1
Rc2+ 67. Kd1 Be2+ 68. Rxe2 fxe2+ 69. Ke1 Kd3 70. Rd8+ Ke3 71. Re8+ Ne4 0-1

[Event "Isle of Man Open"]
[Site "Douglas"]
[Date "24.10.2018"]
[Round "5.37"]
[White "Schneider, Ilja"]
[Black "Bulmaga, Irina"]
[Result "1-0"]
[WhiteTitle "IM"]
[BlackTitle "IM"]
[WhiteElo "2507"]
[BlackElo "2402"]
[WhiteFideId "4663306"]
[BlackFideId "13903063"]
[EventDate "2018.10.20"]

1. Nf3 Nf6 2. c4 b6 3. g3 Bb7 4. Bg2 e6 5. O-O Be7 6. Nc3 O-O 7. d4 Ne4 8. Qc2
Nxc3 9. Qxc3 f5 10. h4 Bf6 11. Bg5 c5 12. Bxf6 Qxf6 13. Rfd1 Be4 14. dxc5 Qxc3
15. bxc3 bxc5 16. Ne5 Bxg2 17. Kxg2 Rd8 18. Rab1 Kf8 19. Rb7 Ke8 20. a4 a5 21.
h5 Ra6 22. f4 Ke7 23. Kh3 h6 24. g4 fxg4+ 25. Kxg4 Ke8 26. Kg3 Ra8 27. Kf3 Ke7
28. e3 Ke8 29. Rg1 Kf8 30. Rg2 Kg8 31. Rgb2 d6 32. Nf7 Rd7 33. Nxd6 Rxd6 34.
Rxb8+ Rxb8 35. Rxb8+ Kf7 36. Rb5 Rc6 37. Rxa5 Kf6 38. Ra8 g6 39. a5 gxh5 40. a6
Kg7 41. e4 Rc7 42. a7 Rf7 43. e5 h4 44. Rg8+ 1-0

[Event "Isle of Man Open"]
[Site "Douglas"]
[Date "24.10.2018"]
[Round "5.38"]
[White "Shyam, Sundar M."]
[Black "Houska, Jovanka"]
[Result "1-0"]
[WhiteTitle "GM"]
[BlackTitle "IM"]
[WhiteElo "2505"]
[BlackElo "2402"]
[WhiteFideId "5019141"]
[BlackFideId "405094"]
[EventDate "2018.10.20"]

1. e4 c6 2. Nc3 d5 3. Nf3 Bg4 4. Be2 e6 5. d4 Nf6 6. h3 Bxf3 7. Bxf3 Bb4 8. e5
Nfd7 9. O-O Be7 10. Ne2 c5 11. c3 Nc6 12. Nf4 Nb6 13. g3 cxd4 14. cxd4 Rc8 15.
Bg2 g6 16. b3 a5 17. h4 h5 18. Bh3 Qd7 19. Re1 Na8 20. a3 Nc7 21. Qd3 Bd8 22.
Bd2 Kf8 23. Kh2 Ne7 24. Bxa5 Qb5 25. Qf3 Qxa5 26. Nxe6+ Ke8 27. Ng5 Rf8 28. Nh7
Nf5 29. Bxf5 gxf5 30. Qxh5 Ne6 31. Nxf8 Kxf8 32. Qxf5 Rc3 33. Red1 Qb6 34. Qh5
Rc2 35. Rd2 Qxb3 36. Qd1 Rb2 37. Kg2 Bb6 38. Rxb2 Qxb2 39. Rb1 Qxd4 40. Qxd4
Bxd4 41. f4 b6 42. Rd1 Be3 43. Kf3 d4 44. Rb1 Nc5 45. Rxb6 Bc1 46. a4 d3 47. a5
d2 48. Rd6 Nb7 49. Rxd2 1-0

[Event "Isle of Man Open"]
[Site "Douglas"]
[Date "24.10.2018"]
[Round "5.39"]
[White "Anurag, Mhamal"]
[Black "Rahul, Srivatshav P"]
[Result "1-0"]
[WhiteTitle "GM"]
[BlackTitle "IM"]
[WhiteElo "2495"]
[BlackElo "2395"]
[WhiteFideId "5024366"]
[BlackFideId "25059653"]
[EventDate "2018.10.20"]

1. c4 Nf6 2. g3 g6 3. Bg2 Bg7 4. Nc3 O-O 5. Nf3 d6 6. d4 c5 7. d5 e6 8. O-O exd5
9. cxd5 Re8 10. Bf4 Bf5 11. Nd2 Nh5 12. Be3 Nd7 13. Nc4 Nb6 14. Nxb6 Qxb6 15.
Qd2 Nf6 16. Bf4 Ne4 17. Bxe4 Bxe4 18. g4 Qb4 19. Bg3 h5 20. f3 Qd4+ 21. Qxd4
Bxd4+ 22. Rf2 Bxc3 23. bxc3 Bxd5 24. gxh5 gxh5 25. e4 Bc6 26. Bxd6 b6 27. Rg2+
Kh7 28. Kf2 Rad8 29. Bf4 Rg8 30. Rxg8 Rxg8 31. Rd1 Re8 32. Ke3 Re7 33. Rd6 Re6
34. Rxe6 fxe6 35. Bb8 a6 36. Bc7 Kg6 37. Bxb6 c4 38. Kd4 Bb5 39. h4 Kf6 40. Bd8+
Kf7 41. Kc5 Ke8 42. Bg5 Kd7 43. a3 Kc7 44. f4 Kd7 45. f5 exf5 46. exf5 Ke8 47.
f6 Kf7 48. Kd5 Ke8 49. Be3 Kf7 50. Bd4 Ke8 51. Kc5 Kd7 52. Kb4 Ke6 53. a4 Bc6
54. Kxc4 Bxa4 55. Kb4 Bc2 56. c4 Kd7 57. Ka5 Bd3 58. c5 Bc4 59. Kb6 Bd5 60. c6+
Kd8 61. Kb7 Be4 62. Bc5 Bd5 63. f7 1-0

[Event "Isle of Man Open"]
[Site "Douglas"]
[Date "24.10.2018"]
[Round "5.40"]
[White "Jackson, James P"]
[Black "Harsha, Bharathakoti"]
[Result "0-1"]
[WhiteTitle "FM"]
[BlackTitle "IM"]
[WhiteElo "2371"]
[BlackElo "2492"]
[WhiteFideId "416860"]
[BlackFideId "5078776"]
[EventDate "2018.10.20"]

1. e4 e5 2. Nf3 Nc6 3. Bc4 Bc5 4. b4 Bxb4 5. c3 Ba5 6. d4 Qe7 7. Ba3 Bxc3+ 8.
Nxc3 Qxa3 9. Nd5 Qa5+ 10. Kf1 Nge7 11. dxe5 O-O 12. Rb1 a6 13. h4 d6 14. exd6
cxd6 15. Ng5 Nxd5 16. Bxd5 Ne5 17. Qh5 h6 18. Nxf7 Rxf7 19. Bxf7+ Kf8 20. f3 Qd2
21. Be8 Be6 0-1

[Event "Isle of Man Open"]
[Site "Douglas"]
[Date "24.10.2018"]
[Round "5.41"]
[White "Zumsande, Martin"]
[Black "Guramishvili, Sopiko"]
[Result "1/2-1/2"]
[WhiteTitle "IM"]
[BlackTitle "IM"]
[WhiteElo "2492"]
[BlackElo "2378"]
[WhiteFideId "4651324"]
[BlackFideId "13602888"]
[EventDate "2018.10.20"]

1. e4 c5 2. Nf3 d6 3. c3 Nf6 4. Bc4 Qc7 5. O-O Bg4 6. h3 Bh5 7. d3 e6 8. Re1 Be7
9. Nbd2 O-O 10. Bb3 Nc6 11. g4 Bg6 12. Nf1 d5 13. Nh4 dxe4 14. Nxg6 hxg6 15.
dxe4 Bd6 16. Qe2 Bf4 17. Be3 g5 18. Bxc5 Ne7 19. Bxe7 Qxe7 20. Rad1 Nd7 21. e5
Nxe5 22. Bc2 Rfd8 23. Be4 Qc7 24. Bg2 Rab8 25. Rxd8+ Rxd8 26. Rd1 b6 27. Rd4 Ng6
28. Be4 Rxd4 29. cxd4 Ne7 30. Kg2 Kf8 31. Ne3 Qc8 32. Qb5 Qc7 33. a4 Nc8 34. Bf3
Nd6 35. Qd3 Qc1 36. b3 Qb2 37. d5 Qe5 38. dxe6 Bxe3 39. fxe3 Qxe6 40. Qc3 Qe7
41. Bd5 Ne8 42. e4 Nc7 43. Qc6 1/2-1/2

[Event "Isle of Man Open"]
[Site "Douglas"]
[Date "24.10.2018"]
[Round "5.42"]
[White "Henderson de La Fuente, Lance"]
[Black "Serarols Mabras, Bernat"]
[Result "1-0"]
[WhiteTitle "IM"]
[BlackTitle "FM"]
[WhiteElo "2484"]
[BlackElo "2367"]
[WhiteFideId "32096585"]
[BlackFideId "2238276"]
[EventDate "2018.10.20"]

1. e4 c6 2. Nf3 d5 3. exd5 cxd5 4. Ne5 Nc6 5. d4 Nxe5 6. dxe5 e6 7. Nd2 Ne7 8.
Nf3 Nc6 9. c3 Bc5 10. Bd3 Qc7 11. Qe2 Bd7 12. Bf4 a6 13. Bg3 d4 14. O-O dxc3 15.
bxc3 Be7 16. Nd2 O-O 17. h4 Kh8 18. Ne4 Qa5 19. Ng5 Bxg5 20. hxg5 g6 21. Rab1 b5
22. c4 Ne7 23. Qf3 Ng8 24. Be4 Rac8 25. Rfd1 Be8 26. cxb5 Bxb5 27. Rb2 Qc3 28.
Qxc3 Rxc3 29. f3 Rfc8 30. Be1 Rc1 31. Rxc1 Rxc1 32. Kf2 Rc8 33. Bb4 h6 34. gxh6
Nxh6 35. g4 Kg7 36. Kg3 Ng8 37. Rc2 Rxc2 38. Bxc2 f6 39. f4 f5 40. g5 Kf7 41.
Kf2 Ne7 42. Bxe7 Kxe7 43. Ke3 Bc4 44. a3 1-0

[Event "Isle of Man Open"]
[Site "Douglas"]
[Date "24.10.2018"]
[Round "5.43"]
[White "Heinemann, Josefine"]
[Black "Batsiashvili, Nino"]
[Result "1/2-1/2"]
[WhiteTitle "WIM"]
[BlackTitle "GM"]
[WhiteElo "2308"]
[BlackElo "2482"]
[WhiteFideId "12900460"]
[BlackFideId "13602993"]
[EventDate "2018.10.20"]

1. e4 c6 2. d4 d5 3. e5 c5 4. dxc5 e6 5. a3 Bxc5 6. b4 Bb6 7. Qg4 Ne7 8. Nf3 Nf5
9. Bd3 h5 10. Qf4 Nc6 11. Bb2 Nce7 12. O-O Bd7 13. Re1 Rc8 14. Nc3 Ng6 15. Qd2
Nfh4 16. Nxh4 Qxh4 17. Nxd5 exd5 18. e6 Bxe6 19. Bxg6 O-O 20. Bd3 Rfe8 21. g3
Qg4 22. Re5 f6 23. Be2 Qg6 24. Bd3 Qg4 25. Be2 Qg6 26. Bd3 Qf7 27. Re2 h4 28.
Rae1 Bg4 29. Rxe8+ Rxe8 30. Rxe8+ Qxe8 31. Bf1 Qe4 32. Qd3 h3 33. Qxe4 dxe4 34.
Bc4+ Kf8 35. Bc1 Bc8 36. Bd5 f5 37. Be3 Ke7 38. Bc4 Bxe3 39. fxe3 g5 40. Kf2 Kd6
41. Bf1 g4 42. Ke1 Bd7 43. Kd2 a6 44. c4 Ke5 45. Kc3 Be8 46. Be2 Ba4 47. b5 a5
48. c5 Kd5 49. c6 bxc6 50. b6 Kd6 51. Bc4 c5 52. Be6 Kc6 53. Bxf5 Bd1 54. Bxe4+
Kxb6 55. Bd5 1/2-1/2

[Event "Isle of Man Open"]
[Site "Douglas"]
[Date "24.10.2018"]
[Round "5.44"]
[White "Paterek, Michal"]
[Black "Darini, Pouria"]
[Result "0-1"]
[WhiteTitle "FM"]
[BlackTitle "GM"]
[WhiteElo "2311"]
[BlackElo "2475"]
[WhiteFideId "1116142"]
[BlackFideId "12502200"]
[EventDate "2018.10.20"]

1. Nf3 Nf6 2. c4 g6 3. Nc3 d5 4. cxd5 Nxd5 5. e4 Nxc3 6. dxc3 Qxd1+ 7. Kxd1 f6
8. Be3 e5 9. Kc2 Nd7 10. Bc4 Bc5 11. b4 Bxe3 12. fxe3 Ke7 13. Rhf1 a5 14. a3 Nb6
15. Bb3 Bd7 16. Nd2 Rhc8 17. Rab1 axb4 18. axb4 c5 19. Bd5 Ba4+ 20. Kc1 cxb4 21.
Rxb4 Rxc3+ 22. Kb1 Nxd5 23. exd5 b5 24. Rxf6 Rxe3 25. Re6+ Kd7 26. Nf3 Re8 27.
Ra6 Rc8 28. Re6 Re8 29. Ra6 Rd3 30. Rh4 h5 31. Rxg6 e4 32. Rg7+ Kd6 33. Rg6+ Kc5
34. Ng5 Kxd5 35. Rxh5 Kc4 36. Ne6 Kc3 37. Rc5+ Kd2 38. Nf4 Rd4 39. Rd5 Rxd5 40.
Nxd5 e3 41. Rg4 e2 42. Rd4+ Ke1 43. Nc3 Kf1 44. Nxe2 Rxe2 45. Rg4 Rxg2 46. h3
Rh2 47. h4 Kf2 48. Kc1 Kf3 49. Rd4 Kg3 50. Kb1 Rxh4 51. Rd3+ Kf2 52. Kb2 Re4 53.
Rh3 Re2+ 54. Kc1 Re3 55. Rh2+ Kf3 56. Rh4 Ke2 57. Rh2+ Kd3 58. Rh1 Kc3 59. Kb1
Bc2+ 60. Kc1 Bd3 61. Kd1 b4 62. Rh2 b3 0-1

[Event "Isle of Man Open"]
[Site "Douglas"]
[Date "24.10.2018"]
[Round "5.45"]
[White "Cornette, Deimante"]
[Black "Ravi, Teja S."]
[Result "1/2-1/2"]
[WhiteTitle "IM"]
[BlackTitle "IM"]
[WhiteElo "2462"]
[BlackElo "2357"]
[WhiteFideId "12802859"]
[BlackFideId "5017220"]
[EventDate "2018.10.20"]

1. e4 c6 2. d4 d5 3. exd5 cxd5 4. c3 Nc6 5. Nf3 Bg4 6. Qb3 Qd7 7. Ne5 Nxe5 8.
dxe5 a6 9. c4 d4 10. Nd2 Qc7 11. Qg3 Bf5 12. Be2 d3 13. Bf3 O-O-O 14. O-O f6 15.
b4 Qxe5 16. Qxe5 fxe5 17. Bb2 e6 18. Bxe5 Ne7 19. c5 Nc6 20. Bxc6 bxc6 21. Rfd1
Rg8 22. Nc4 g5 23. Rac1 Bg7 24. Nd6+ Rxd6 25. Bxd6 Bd4 26. Rxd3 Bxd3 27. Rd1
Bxf2+ 28. Kxf2 Bc4 29. a3 Rg7 30. Ke3 Rf7 31. Rd2 h5 32. Rf2 Rxf2 33. Kxf2 Kd7
34. g3 Bd3 35. Ke3 Bf5 36. Kd4 h4 37. Ke5 hxg3 38. hxg3 Bc2 39. Kf6 g4 40. Kg5
Bd1 41. Be5 Be2 42. Kf6 1/2-1/2

[Event "Isle of Man Open"]
[Site "Douglas"]
[Date "24.10.2018"]
[Round "5.46"]
[White "Prithu, Gupta"]
[Black "Gavilan Diaz, Mario"]
[Result "1/2-1/2"]
[WhiteTitle "IM"]
[BlackTitle "FM"]
[WhiteElo "2458"]
[BlackElo "2334"]
[WhiteFideId "46618546"]
[BlackFideId "2260905"]
[EventDate "2018.10.20"]

1. e4 c5 2. Nf3 Nf6 3. e5 Nd5 4. Nc3 e6 5. Nxd5 exd5 6. d4 Nc6 7. dxc5 Bxc5 8.
Qxd5 Qb6 9. Bc4 Bxf2+ 10. Ke2 O-O 11. Rf1 Bc5 12. Ng5 Nd4+ 13. Kd1 Ne6 14. Ne4
d6 15. exd6 Rd8 16. Bd3 Bxd6 17. Qf5 Nf4 18. Nf6+ gxf6 19. Qxh7+ Kf8 20. Qh6+
Ke7 21. Bxf4 Qxb2 22. Bxd6+ Rxd6 23. Qe3+ Be6 24. Ke2 Rxd3 25. Qxd3 Rd8 26. Rfb1
Qe5+ 27. Qe3 Qxh2 28. Rxb7+ Kf8 29. Rg1 Qh5+ 30. Kf2 Qf5+ 31. Ke1 Qxc2 32. Qa3+
Kg8 33. Qg3+ Kf8 34. Qa3+ Kg8 35. Qg3+ Kf8 1/2-1/2